study on recurrent chageland market in sangkat prey sor, khan dangkao,phnom penh សិក្សាពីចរន្ដការផ្លាស់ប្ដូរទីផ្សារដីធ្លីនៅក្នុងសង្កាត់ព្រៃសរ​ ខណ្ឌដង្កោ រាជធានីភ្នំពេញ (Record no. 18135)

000 -LEADER
fixed length control field 00725nam a22001337a 4500
040 ## - CATALOGING SOURCE
Transcribing agency RUA
082 ## - DEWEY DECIMAL CLASSIFICATION NUMBER
Classification number LMA OU 2017 B640 Or.1
100 ## - MAIN ENTRY--AUTHOR NAME
Personal name OU FARINHAY អ៊ូ ហ្វារិនហៃ
245 ## - TITLE STATEMENT
Title study on recurrent chageland market in sangkat prey sor, khan dangkao,phnom penh សិក្សាពីចរន្ដការផ្លាស់ប្ដូរទីផ្សារដីធ្លីនៅក្នុងសង្កាត់ព្រៃសរ​ ខណ្ឌដង្កោ រាជធានីភ្នំពេញ
260 ## - PUBLICATION, DISTRIBUTION, ETC. (IMPRINT)
Place of publication phnom penh
Name of publisher rua
Year of publication 2017
300 ## - PHYSICAL DESCRIPTION
Number of Pages xi;61p;
Other physical details ill;
Dimensions 29cm
856 ## - ELECTRONIC LOCATION AND ACCESS
Uniform Resource Identifier https://drive.google.com/file/d/1cKkMweATHKv5V3xOjBzzMIThOpUA6VD0/view?usp=sharing
942 ## - ADDED ENTRY ELEMENTS (KOHA)
Koha item type LMA
952 ## - LOCATION AND ITEM INFORMATION (KOHA)
Withdrawn status [LOCAL, KOHA] 0
952 ## - LOCATION AND ITEM INFORMATION (KOHA)
Withdrawn status [LOCAL, KOHA] 0
952 ## - LOCATION AND ITEM INFORMATION (KOHA)
Withdrawn status [LOCAL, KOHA] 0
952 ## - LOCATION AND ITEM INFORMATION (KOHA)
Withdrawn status [LOCAL, KOHA] 0
952 ## - LOCATION AND ITEM INFORMATION (KOHA)
Withdrawn status [LOCAL, KOHA] 0
952 ## - LOCATION AND ITEM INFORMATION (KOHA)
Withdrawn status [LOCAL, KOHA] 0
952 ## - LOCATION AND ITEM INFORMATION (KOHA)
Withdrawn status [LOCAL, KOHA] 0
Holdings
Permanent Location Date acquired Koha item type Lost status Shelving location Barcode Current Location Full call number
Library Block B2019-08-07LMA B640A40037Library Block BLMA OU 2017 B640 Or.1
Library Block B2019-08-07LMA B640A39812Library Block BLMA OU 2017 B640 Or.2
Library Block B2019-08-07LMA B640A40112Library Block BLMA OU 2017 B640 Or.3
Library Block B2019-08-07LMA B640A40187Library Block BLMA OU 2017 B640 Or.4
Library Block B2019-08-07LMA B640A40055Library Block BLMA OU 2017 B640 Or.5
Library Block B2019-08-07LMA B640A40130Library Block BLMA OU 2017 B640 Or.6
Library Block B2019-08-07LMA B640A39985Library Block BLMA OU 2017 B640 Or.7
មជ្ឈមណ្ឌលឯការនៃសាកលវិទ្យាល័យភូមិន្ទកសិកម្មចំការដូង

Powered by Koha